000 00365nam a22001577a 4500
003 OSt
008 240323b |||||||| |||| 00| 0 eng d
020 _a9788178223667
100 _aSIRSHREE
245 _aTHE SUPREME QUEST
250 _a1st
260 _aNew Delhi
_bNew Age
_c2012
300 _axii,201
650 _aGeneral/Decentralization
942 _2ddc
_cREF
999 _c12281
_d12281